REHABILITATION OF COMPLEX CLEFT PLATE CRANIOMAXILLOFACIAL DEFECTS. (Record no. 4652)

MARC details
000 -LEADER
fixed length control field 00408nam a2200145Ia 4500
008 - FIXED-LENGTH DATA ELEMENTS--GENERAL INFORMATION
fixed length control field 150201s1999 xx 000 0 und d
082 ## - DEWEY DECIMAL CLASSIFICATION NUMBER
Classification number 617.5
Item number R1999B
100 ## - MAIN ENTRY--PERSONAL NAME
Personal name BRANEMARK,PER -INGVAR
245 ## - TITLE STATEMENT
Title REHABILITATION OF COMPLEX CLEFT PLATE CRANIOMAXILLOFACIAL DEFECTS.
250 ## - EDITION STATEMENT
Edition statement 1ST
260 ## - PUBLICATION, DISTRIBUTION, ETC. (IMPRINT)
Name of publisher, distributor, etc. QUINTESSENCE PUBLICATION
Place of publication, distribution, etc. CHICAGO
Date of publication, distribution, etc. 1999
300 ## - PHYSICAL DESCRIPTION
Extent 1-138
650 ## - SUBJECT ADDED ENTRY--TOPICAL TERM
Topical term or geographic name as entry element ORAL SURGERY
942 ## - ADDED ENTRY ELEMENTS (KOHA)
Source of classification or shelving scheme Dewey Decimal Classification
Koha item type Books
Holdings
Withdrawn status Lost status Source of classification or shelving scheme Damaged status Not for loan Home library Current library Date acquired Source of acquisition Cost, normal purchase price Serial Enumeration / chronology SGTU Bill Number Total Checkouts Full call number Barcode Date last seen Bill Date Koha item type
    Dewey Decimal Classification     SGT Dental Library SGT Dental Library 18/10/2011 U.B.S.DELHI 5247.00 1 SGTU QB/035/2011-2012   617.5 R1999B FD6435 09/02/2015 01/06/2013 Books